000 00265nam a2200109Ia 4500
001 1268732
005 20260417145256.0
008 260417s9999 xx 000 0 und d
020 _a9786255998873
245 0 _aMahzendeki Sır
_cAydın Hız
260 _bKetebe Genç
999 _c1268732
_d1268732